Reglamento del Ateneo Científico, Literario y Artístico de Madrid. (Record no. 77851)

MARC details
000 -LEADER
campo de control de longitud fija 01281nam a2200241 i 4500
001 - NÚMERO DE CONTROL
campo de control 77851
003 - IDENTIFICADOR DE NÚMERO DE CONTROL
campo de control ES-MaACL
005 - FECHA Y HORA DE LA ÚLTIMA TRANSACCIÓN
campo de control 20250715043853.0
007 - CAMPO FIJO DE DESCRIPCIÓN FÍSICA--INFORMACIÓN GENERAL
campo de control de longitud fija t|
008 - DATOS DE LONGITUD FIJA--INFORMACIÓN GENERAL
campo de control de longitud fija 041111s1903 sp ||||1| spa d
080 ## - NÚMERO DE LA CLASIFICACIÓN DECIMAL UNIVERSAL
Número de la Clasificación Decimal Universal 061.21(461.1) Ateneo (047.32)
110 2# - ENTRADA PRINCIPAL--NOMBRE DE ENTIDAD CORPORATIVA
Nombre de entidad corporativa o nombre de jurisdicción como elemento de entrada Ateneo de Madrid.
Término indicativo de función/relación entidad responsable
9 (RLIN) 1875
245 10 - MENCIÓN DEL TÍTULO
Título Reglamento del Ateneo Científico, Literario y Artístico de Madrid.
260 ## - PUBLICACIÓN, DISTRIBUCIÓN, ETC.
Lugar de publicación, distribución, etc. Madrid :
Nombre del editor, distribuidor, etc. [s.n.],
Fecha de publicación, distribución, etc. 1903
Fabricante (Sucesores de Rivedeneyra)
300 ## - DESCRIPCIÓN FÍSICA
Extensión 50 páginas ;
Dimensiones 12 cm.
505 0# - NOTA DE CONTENIDO CON FORMATO
Nota de contenido con formato Reglamento del Ateneo [fechado en 1º de enero de 1900]. Acuerdos que regulan el reparto de billetes de convite para las conferencias y veladas. Reglamento por el que se han de regir los concursos del premio Charro-Hidalgo y Díaz Molín. Reglamento por el que se han de regir los concursos del premio Felipe Benicio Navarro
610 24 - PUNTO DE ACCESO ADICIONAL DE MATERIA--NOMBRE DE ENTIDAD CORPORATIVA
Nombre de entidad corporativa o nombre de jurisdicción como elemento de entrada Ateneo de Madrid-
Subdivisión de forma Estatutos y reglamentos.
9 (RLIN) 1918
610 2# - PUNTO DE ACCESO ADICIONAL DE MATERIA--NOMBRE DE ENTIDAD CORPORATIVA
Nombre de entidad corporativa o nombre de jurisdicción como elemento de entrada Ateneo de Madrid-
Subdivisión de forma Obras digitalizadas.
9 (RLIN) 1930
852 ## - LOCALIZACIÓN
Ubicación ES-MaACL
Número de control de estantería 2184-F-9
condición física Ejemplar fotocopiado
Ubicación en estantería Depósito folletos
Nota libre Revisado enlace: 23 de abril de 2025
856 4# - LOCALIZACIÓN Y ACCESO ELECTRÓNICOS
Identificador Uniforme de Recursos <a href="http://www.ateneodemadrid.net/biblioteca_digital/folletos/Reglamento-1903.pdf">http://www.ateneodemadrid.net/biblioteca_digital/folletos/Reglamento-1903.pdf</a>
Texto de enlace Versión en línea
Nota pública (Colección digital del Ateneo de Madrid)
942 ## - ELEMENTOS DE ENTRADA SECUNDARIOS (KOHA)
Fuente del sistema de clasificación o colocación Clasificación decimal universal
Tipo de ítem Koha Folleto
Suprimir en OPAC No
Holdings
Estatus retirado Estado de pérdida Fuente del sistema de clasificación o colocación Estado de daño No para préstamo Colección Biblioteca de origen Biblioteca actual Ubicación en estantería Fecha de adquisición Número de control de estantería Total de préstamos Signatura topográfica completa Código de barras Visto por última vez Tipo de ítem Koha
    Clasificación decimal universal     Biblioteca Digital del Ateneo de Madrid Biblioteca del Ateneo de Madrid Biblioteca del Ateneo de Madrid Depósito folletos 17/01/2008 1   2184-F-9 1081446 23/02/2023 Folleto